Clinical Obstetrics and Gynaecology (Record no. 3959)

MARC details
000 -LEADER
fixed length control field 01292cam a22003854a 4500
001 - CONTROL NUMBER
control field 13343377
003 - CONTROL NUMBER IDENTIFIER
control field OSt
005 - DATE AND TIME OF LATEST TRANSACTION
control field 20210402142657.0
008 - FIXED-LENGTH DATA ELEMENTS--GENERAL INFORMATION
fixed length control field 030910s2004 stka b 001 0 eng
010 ## - LIBRARY OF CONGRESS CONTROL NUMBER
LC control number 2003020168
015 ## - NATIONAL BIBLIOGRAPHY NUMBER
National bibliography number GBA4Z6211
Source bnb
016 7# - NATIONAL BIBLIOGRAPHIC AGENCY CONTROL NUMBER
Record control number 101190531
Source DNLM
016 7# - NATIONAL BIBLIOGRAPHIC AGENCY CONTROL NUMBER
Record control number 007035741
Source Uk
020 ## - INTERNATIONAL STANDARD BOOK NUMBER
International Standard Book Number 0702017752
020 ## - INTERNATIONAL STANDARD BOOK NUMBER
International Standard Book Number 9780702017759
035 ## - SYSTEM CONTROL NUMBER
System control number (OCoLC)53051710
035 ## - SYSTEM CONTROL NUMBER
System control number (OCoLC)ocm53051710
040 ## - CATALOGING SOURCE
Original cataloging agency DNLM/DLC
Transcribing agency DLC
Modifying agency YDX
-- NLM
-- UKM
-- BAKER
-- BTCTA
-- YDXCP
-- OCLCG
-- DLC
042 ## - AUTHENTICATION CODE
Authentication code pcc
050 00 - LIBRARY OF CONGRESS CALL NUMBER
Classification number RG101
Item number .C6815 2004
060 00 - NATIONAL LIBRARY OF MEDICINE CALL NUMBER
Classification number 2004 D-943
060 10 - NATIONAL LIBRARY OF MEDICINE CALL NUMBER
Classification number WQ 100
Item number C6415 2004
082 00 - DEWEY DECIMAL CLASSIFICATION NUMBER
Classification number WQ100 C611j 2004
100 ## - MAIN ENTRY--PERSONAL NAME
Personal name Edited by Drife, James O.; Magowan, Brian.
9 (RLIN) 14034
245 00 - TITLE STATEMENT
Title Clinical Obstetrics and Gynaecology
260 ## - PUBLICATION, DISTRIBUTION, ETC. (IMPRINT)
Place of publication, distribution, etc. Edinburgh ;
-- New York :
Name of publisher, distributor, etc. Saunders,
Date of publication, distribution, etc. 2004.
300 ## - PHYSICAL DESCRIPTION
Extent ix, 503 p. :
Other physical details col.ill ;
Dimensions 27 cm.
504 ## - BIBLIOGRAPHY, ETC. NOTE
Bibliography, etc Includes bibliographical references (p. 483-484) and index.
650 #0 - SUBJECT ADDED ENTRY--TOPICAL TERM
Topical term or geographic name as entry element Gynecology.
9 (RLIN) 1956
650 #0 - SUBJECT ADDED ENTRY--TOPICAL TERM
Topical term or geographic name as entry element Obstetrics.
9 (RLIN) 5
856 41 - ELECTRONIC LOCATION AND ACCESS
Materials specified Table of contents
Uniform Resource Identifier http://www.loc.gov/catdir/toc/ecip048/2003020168.html
906 ## - LOCAL DATA ELEMENT F, LDF (RLIN)
a 7
b cbc
c orignew
d 1
e ecip
f 20
g y-gencatlg
942 ## - ADDED ENTRY ELEMENTS (KOHA)
Source of classification or shelving scheme Dewey Decimal Classification
Koha item type Short Loan
Holdings
Withdrawn status Lost status Source of classification or shelving scheme Damaged status Not for loan Home library Current library Date acquired Source of acquisition Inventory number Total Checkouts Full call number Barcode Date last seen Koha item type Checked out Date last checked out
    Other/Generic Classification Scheme     MUST Main Library MUST Main Library 10/05/2016 Purchase 10/32471   WQ100 C611j 2004 2016-1724 14/06/2018 Short Loan    
    Other/Generic Classification Scheme     MUST Main Library MUST Main Library 10/05/2016 Purchase 11/33265   WQ100 C611j 2004 2016-1725 10/05/2016 Short Loan    
    Other/Generic Classification Scheme     MUST Main Library MUST Main Library 02/04/2021 Donation 09/31310 1 WQ100 C611j 2004 2021-0356 16/09/2022 Open Shelf 30/09/2022 16/09/2022